000 00320 a2200133 4500
000 nam a22 7a 4500
100 _aSujit Kr Choudhary
110 _aSujit Kr Choudhary
245 _afounding fathers of sociology
250 _alatest edition
260 _bManohar
_c2026
264 _bManohar
_c2026
942 _cBK
999 _c394644
_d394644